Loading...

Vasanthakal kuttangal /

Bibliographic Details
Main Author: Sujath
Language:Undetermined
Published: Madras : Sujatha Pubs , 1981.
LEADER 00425nam a2200133Ia 4500
001 56719
008 170722s9999 xx 000 0 und d
100 |a Sujath 
245 |a Vasanthakal kuttangal / 
260 |a Madras :  |b Sujatha Pubs ,  |c 1981. 
300 |a 176 p.  |c 18cms 
942 |c GEN 
999 |c 103975  |d 103975 
952 |0 0  |1 0  |4 0  |6 O_313NSU6VAS_M1  |7 0  |9 146460  |a LIB  |b LIB  |d 2017-08-12  |o O31,3NSU6,VAS M1  |p 197563  |r 2017-08-12  |v 11.00  |w 2017-08-12  |y GEN